„Transfernews!“ #2 - Spieler anhand eines Transfers erraten - Statistiken

Allgemein
  • Dieses Quiz wurde 217 mal gespielt
  • Das Durchschnittsergebnis liegt bei 11 aus 20
Antwortstatistiken
Gewechselt von Gewechselt zu Saison Ablösesumme in Mio. € Spieler % Korrekt
Borussia M‘gladbach FC Barcelona 14/15 12 ter Stegen
79%
Palmeiras Real Madrid 24/25 45 Endrick
78%
Atlético Madrid FC Barcelona 19/20 120 Griezmann
78%
Bayern München Real Madrid 21/22 ablösefrei Alaba
77%
Bayer Leverkusen Borussia Dortmund 19/20 25 Brandt
77%
FC Barcelona Paris SG 21/22 ablösefrei Messi
69%
Southampton FC Liverpool 17/18 84,65 van Dijk
69%
Manchester City FC Arsenal 22/23 35 Zinchenko
64%
Werder Bremen Bayern München 17/18 8 Gnabry
63%
Wolverhampton Al-Hilal 23/24 55 Neves
59%
Kawasaki Frontale Brighton 21/22 3 Mitoma
56%
FC Chelsea FC Barcelona 22/23 ablösefrei Christensen
51%
Benfica Manchester City 17/18 40 Ederson
45%
FC Valencia Juventus Turin 18/19 40,40 Cancelo
40%
Hull City FC Liverpool 17/18 9 Robertson
39%
Real Madrid Atlético Madrid 19/20 30 Llorente
36%
Everton Manchester City 16/17 55,60 Stones
35%
SSC Neapel Paris SG 22/23 23 Ruiz
32%
FC Arsenal Aston Villa 20/21 17,40 Martínez
20%
Boca Juniors Juventus Turin 17/18 21,70 Bentancur
10%
Keine übereinstimmenden Quizze gefunden
Verteilung der Resultate
Anzahl Personen mit jedem Resultat
Perzentil nach korrekt beantworteten Fragen
Ihre Resultats-Entwicklung
Sie haben dieses Quiz noch nicht gespielt